LEADER 01620nam a2200325 4500 001 000000350354 003 CaOOAMICUS 005 20220519125747.0 008 220519s2016 xxk 000 u eng r 020 $a978-1-78348-649-6 040 $aSeMil$bita 100 1 $aMilbank, John,$d<1952- >.$0(OLS)http://semarc/name/109590 245 14$aThe politics of virtue :$bpost-liberalism and the human future /$cJohn Milbank and Adrian Pabs. 264 1$aLondon ; New York :$bRowman & Littlefield International,$c2016. 300 $aX, 407 p. ;$c24 cm 490 1 $aFuture perfect 650 4$aDemocrazia - Aspetti etici e morali.$0(OLS)http://semarc/subject/52296 650 4$aRelazioni internazionali - Aspetti etici.$0(OLS)http://semarc/subject/52295 650 4$aMorale politica.$0(OLS)http://semarc/subject/52294 650 4$aCapitalismo - Aspetti etici e morali.$0(OLS)http://semarc/subject/52293 650 4$aLiberalismo - Filosofia.$0(OLS)http://semarc/subject/52292 650 4$aFilosofia politica.$0(OLS)http://semarc/subject/358 700 1 $aPabst, Adrian.$0(OLS)http://semarc/name/115088 830 0$aFuture perfect.$0(OLS)http://semarc/title/440062 850 $aSeMil 852 $aSeMil$W1$xVenegono$y1$m2P IV 839$j232745$B241395$CSeMilBibl$Z2$F241395 $81 996 $6020$a978-1-78348-649-6$9(OLS)http://semarc/number/295916 996 $6245$aThe politics of virtue :$bpost-liberalism and the human future$9(OLS)http://semarc/title/440061 996 $6264$aLondon ; New York :$bRowman & Littlefield International$9(OLS)http://semarc/publisher/60422 LEADER 01173nam a2200205 i 4500 001 000000183292 003 CaOOAMICUS 005 20091111000000.0 008 091111s1919 it u000 u fre u 013 $a161259 040 $aSeMil$bita 100 1 $aHugon, Édouard .$0(OLS)http://semarc/name/1524 245 14$aLes Dominicaines de Pellevoisin :$bDiscours Prononcé le 19 septembre 1918 à Pellevoisin. A l'occasion du vingt-cinquième anniversaire de la fondation du monastère /$cR. P. Edouard Hugon, O. P. Maître en théologie, Professeur de Dogme au Collège Pontifical «Angélique» de Rome, Membre de l'Accadémie Romaine de Saint-Thomas. 260 $aParis :$bTéqui,$c1919. 300 $a22 p. ;$c18 cm. 650 4$aDomenicani.$0(OLS)http://semarc/subject/8350 850 $aSeMil 852 $aSeMil$W1$xVenegono$y1$m3E III 105$j133994$B133994$CSeMilBibl$Z2$F145652 $81 996 $6245$aLes Dominicaines de Pellevoisin :$bDiscours Prononcé le 19 septembre 1918 à Pellevoisin. A l'occasion du vingt-cinquième anniversaire de la fondation du monastère$9(OLS)http://semarc/title/263081 996 $6260$aParis :$bTéqui$9(OLS)http://semarc/publisher/30134